000 00995nam a22002417a 4500
999 _c64720
_d64720
005 20240530110746.0
008 181204s2018 ua b g b 000 0dara d
017 _a2017/20478
_bمصر. دار الكتب
020 _a9789778122060
040 _aEG-CaGPL
_cEG-CaGPL
082 0 4 _221
_a951.9 /
_bص ت
100 0 _aصلاح خلف مشاى
245 1 2 _aتاريخ كوريا السياسى والعسكرى :
_bمرحلة المنافسة الدولية والانقسام /
_cتاليف صلاح خلف مشاى
250 _aط.1
260 _aالقاهرة :
_bالمكتب العربى للمعارف،
_c2018.
300 _a197 ص. :
_bخرائط ؛
_c24 سم.
504 _aيشتمل على ارجاعات ببليوجرافية
651 0 7 _2qrmak
_aكوريا
_xتاريخ
651 0 7 _2qrmak
_aكوريا
_xالاحوال السياسية
651 0 7 _2qrmak
_aكوريا
_xالاحوال العسكرية
942 _2ddc
_cBK